Statistics for Can You Name EVERY FTU PFE Main Eventer

Click here to take the quiz!

General Stats

  • This quiz has been taken 9 times
  • The average score is 57 of 122

Answer Stats

No. Of Main EventsFirst Main EventLast Main EventAnswer% Correct
5FTU SummerSlam Year 9 Night 1FTU Halloween Havoc Year 12Ashley Manix
100%
22FTU Judgment Day Year 2FTU Retro Rage Year 8Big Lenny
100%
34FTU Survivor Series Year 2FTU Money In The Bank Year 12Brett Storm
100%
9FTU Money In The Bank Year 7FTU Last Line Of Defense Year 12Buck
100%
4FTU Ring Justice Year 11FTU New Year's Revolution Year 12Cherry Blazt
100%
2FTU Bash At The Beach Year 11FTU Crown Jewel Year 11Cluck
100%
35FTU Survivor Series Year 2FTU Survivor Series Year 12Flashbang
100%
37FTU Survivor Series Year 2FTU Elimination Chamber Year 12Krath
100%
26FTU Survivor Series Year 2FTU Survivor Series Year 9Scoobat Doo
100%
4FTU Fastlane Year 8FTU Money In The Bank Year 12Taylon Blackveil
100%
15FTU Survivor Series Year 5FTU/WWE Invasion Year 11Thomas Payne
100%
5FTU WrestleMania VIII Night 1FTU Day 1 Year 12Big Hutchie
86%
1FTU SummerSlam Year 9 Night 1FTU SummerSlam Year 9 Night 1Bretta Storm/Jessica Storm
86%
4FTU Clash Of Champions Year 2FTU King Of The Ring Year 9Brock Lesnar
86%
3FTU Doomsday Year 6FTU Elimination Chamber Year 7CM Punk
86%
13FTU SummerSlam Year 8 Night 2FTU Money In The Bank Year 12Declan Manix
86%
1FTU WrestleMania XI Night 1FTU WrestleMania XI Night 1Gothopotamus/Xoie
86%
4FTU Bad Blood Year 2FTU Judgment Day Year 5John Cena
86%
15FTU Judgment Day Year 2FTU Power Play Year 9MadCapthulhu
86%
1FTU Final Battle Year 12FTU Final Battle Year 12MC Punk
86%
1FTU Survivor Series Year 12FTU Survivor Series Year 12Odin
86%
5FTU Ring Justice Year 11FTU New Year's Revolution Year 12Persephone Blackveil
86%
1FTU SummerSlam Year 7 Night 1FTU SummerSlam Year 7 Night 1Rose
86%
2FTU Judgment Day Year 11FTU Money In The Bank Year 12Slender
86%
4FTU Halloween Havoc Year 11FTU Survivor Series Year 12Slim
86%
4FTU Fastlane Year 11FTU Last Line Of Defense Year 12The Sandman
86%
3FTU TLC Year 10FTU Survivor Series Year 12Vincent Green
86%
5FTU WrestleMania VII Night 2FTU Survivor Series Year 84BIDDEN1/Maverick
71%
4FTU Stomping Grounds Year 6FTU No Mercy Year 6Goldberg
71%
1FTU WrestleMania IFTU WrestleMania IKevin Owens
71%
5FTU WrestleMania Backlash Year 10FTU Survivor Series Year 12Lee Johnson/Bulee Johnson
71%
13FTU Judgment Day Year 2FTU Elimination Chamber Year 12Martin Lee
71%
1FTU Day 1 Year 12FTU Day 1 Year 12McGill
71%
2FTU Survivor Series Year 7FTU Elimination Chamber Year 7Miles Morales
71%
22FTU Survivor Series Year 4FTU King Of The Ring Year 12Nightmare
71%
2FTU Bash At The Beach Year 11FTU Elimination Chamber Year 12Paul Justice
71%
1FTU/WWE Invasion Year 11FTU/WWE Invasion Year 11Seth Rollins
71%
2FTU Elimination Chamber Year 11FTU Roadblock Year 11Sophia Balmer
71%
3FTU TLC Year 10FTU Survivor Series Year 12TJ Ward
71%
1FTU SummerSlam Year 12FTU SummerSlam Year 12Akira Blade
57%
1FTU Elimination Chamber Year 12FTU Elimination Chamber Year 12AllRdy
57%
1FTU/WWE Invasion Year 11FTU/WWE Invasion Year 11Becky Lynch
57%
1FTU Burn In Hell Year 10FTU Burn In Hell Year 10BGS
57%
3FTU Halloween Havoc Year 11FTU Survivor Series Year 12Jared Crowe
57%
1FTU/WWE Invasion Year 12FTU/WWE Invasion Year 12Jey Uso
57%
1FTU/WWE Invasion Year 12FTU/WWE Invasion Year 12Jimmy Uso
57%
4FTU Judgment Day Year 3FTU WrestleMania V Night 1Kurt Angle
57%
13FTU Money In The Bank Year 3FTU Bragging Rights Year 11Markus Rivera
57%
1FTU Final Battle Year 12FTU Final Battle Year 12Matteo
57%
3FTU Elimination Chamber Year 11FTU SummerSlam Year 12Ninetales
57%
10FTU Fastlane Year 2FTU/WWE Invasion Year 12Roman Reigns
57%
1FTU SummerSlam Year 12FTU SummerSlam Year 12Allie Katz
43%
10FTU King Of The Ring Year 2FTU Elimination Chamber Year 3Buck Barnett
43%
3FTU King Of The Ring Year 2FTU Elimination Chamber Year 7Carlito
43%
10FTU Money In The Bank Year 4FTU King Of The Ring Year 7Chris Kanyon/Mortis
43%
1FTU Survivor Series: Gold Rush Year 11FTU Survivor Series: Gold Rush Year 11DreamCatcher
43%
1FTU In Your House Year 6FTU In Your House Year 6Edge
43%
4FTU WrestleMania Backlash Year 10FTU Survivor Series Year 10EL6/Dr. Morgue
43%
2FTU Roadblock Year 11FTU WrestleMania XI Night 1Jade
43%
3FTU Ring Justice Year 11FTU Elimination Chamber Year 11Jordynne Grace
43%
1FTU SummerSlam Year 12FTU SummerSlam Year 12Kaylee
43%
3FTU Money In The Bank Year 3FTU SummerSlam Year 7 Night 2Kenny Omega
43%
1FTU Backlash Year 12FTU Backlash Year 12Q-Money
43%
1FTU Elimination Chamber Year 10FTU Elimination Chamber Year 10Rex Steiner
43%
1FTU Elimination Chamber Year 11FTU Elimination Chamber Year 11Sara Lynne
43%
2FTU SummerSlam Year 12FTU Queen Of The Ring Year 12Saskia
43%
1FTU/WWE Invasion Year 12FTU/WWE Invasion Year 12Solo Sikoa
43%
1FTU Money In The Bank Year 9FTU Money In The Bank Year 9Tajiri
43%
1FTU Backlash Year 12FTU Backlash Year 12TJ Frost
43%
2FTU SummerSlam Year 7 Night 2FTU In Your House Year 7Bad Bunny
29%
15FTU Elimination Chamber Year 3FTU Money In The Bank Year 12Blade
29%
1FTU Judgment Day Year 3FTU Judgment Day Year 3Bray Wyatt
29%
4FTU Judgment Day Year 2FTU Survivor Series Year 6Brian Cage
29%
1FTU Elimination Chamber Year 9FTU Elimination Chamber Year 9Brian Quinn
29%
1FTU Survivor Series Year 7FTU Survivor Series Year 7Chase Owens
29%
12FTU Judgment Day Year 2FTU Survivor Series Year 8Chris Danger
29%
1FTU SummerSlam Year 7 Night 2FTU SummerSlam Year 7 Night 2Cody Rhodes
29%
4FTU SummerSlam Year 1FTU Clash Of Champions Year 3Daniel Bryan
29%
1FTU Elimination Chamber Year 11FTU Elimination Chamber Year 11Ivy Venus
29%
6FTU WrestleMania IIIFTU No Mercy Year 5Kobe Bryant
29%
1FTU Burn In Hell Year 10FTU Burn In Hell Year 10Lil'Klown
29%
1FTU Elimination Chamber Year 12FTU Elimination Chamber Year 12Stu Macher
29%
4FTU Survivor Series Year 1FTU In Your House Year 6The Miz
29%
2FTU Fastlane Year 7FTU Fastlane Year 8Ty'Jeir Lawson
29%
1FTU WrestleMania IX Night 1FTU WrestleMania IX Night 1Violet Evelyn
29%
1FTU Elimination Chamber Year 1FTU Elimination Chamber Year 1Alexa Bliss
14%
1FTU Burn In Hell Year 10FTU Burn In Hell Year 10Apocalypse King Jack
14%
2FTU Burn In Hell Year 10FTU Crown Jewel Year 10Ax Ishtar
14%
1FTU Money In The Bank Year 8FTU Money In The Bank Year 8Banger Jack
14%
1FTU SummerSlam Year 4FTU SummerSlam Year 4Baron Corbin
14%
1FTU Elimination Chamber Year 1FTU Elimination Chamber Year 1Bayley
14%
12FTU Fastlane Year 1FTU Elimination Chamber Year 4Braun Strowman
14%
5FTU Money In The Bank Year 3FTU SummerSlam Year 6 Night 2Bubba Burns
14%
3FTU Unfinished Business Year 3FTU Money In The Bank Year 3Eli Ace
14%
1FTU WrestleMania IX Night 1FTU WrestleMania IX Night 1Elizabeth Sakamoto
14%
1FTU Elimination Chamber Year 1FTU Elimination Chamber Year 1Ember Moon
14%
2FTU Over The Limit Year 7FTU Armageddon Year 7Jay Jay Evans
14%
3FTU Money In The Bank Year 4FTU SummerSlam Year 7 Night 1Jushin Thunder Liger
14%
1FTU Clash Of Champions Year 9FTU Clash Of Champions Year 9KINGOFRAGE
14%
2FTU Fastlane Year 7FTU Fastlane Year 8Kyle
14%
1FTU Elimination Chamber Year 1FTU Elimination Chamber Year 1Mickie James
14%
1FTU WrestleMania XFTU WrestleMania XMiles Kendrink
14%
1FTU Survivor Series Year 12FTU Survivor Series Year 12Mr. Lancaster
14%
1FTU King Of The Ring Year 4FTU King Of The Ring Year 4Mr. Perfect
14%
1FTU Elimination Chamber Year 1FTU Elimination Chamber Year 1Nia Jax
14%
1FTU Clash Of Champions Year 8FTU Clash Of Champions Year 8Okami
14%
1FTU Money In The Bank Year 3FTU Money In The Bank Year 3Owen Hart
14%
1FTU Money In The Bank Year 9FTU Money In The Bank Year 9Poseidon
14%
1FTU Elimination Chamber Year 12FTU Elimination Chamber Year 12Retro Nicotine
14%
1FTU Fastlane Year 8FTU Fastlane Year 8Richard B. Reddick
14%
2FTU Backlash Year 4FTU Stomping Grounds Year 4Rob Terry
14%
1FTU Elimination Chamber Year 1FTU Elimination Chamber Year 1Shayna Baszler
14%
2FTU SummerSlam Year 1FTU Elimination Chamber Year 2Shelton Benjamin
14%
6FTU Fastlane Year 1FTU King Of The Ring Year 5Steve Austin
14%
1FTU Unfinished Business Year 4FTU Unfinished Business Year 4Sting
14%
2FTU Survivor Series Year 10FTU Elimination Chamber Year 10Stonewall Sheldon
14%
1FTU/WWE Invasion Year 12FTU/WWE Invasion Year 12Wyoming Devil
14%
1FTU Money In The Bank Year 5FTU Money In The Bank Year 5Deadpool
0%
2FTU Over The Limit Year 4FTU Vengeance Year 6Eddie Guerrero
0%
1FTU Fastlane Year 7FTU Fastlane Year 7Mask Proper
0%
1FTU Survivor Series Year 8FTU Survivor Series Year 8Ren Narita
0%
1FTU Money In The Bank Year 8FTU Money In The Bank Year 8SG Hiro
0%

Score Distribution

Percentile by Number Answered

Percent of People with Each Score

Your Score History

You have not taken this quiz